| 000 | 00473nam a2200157 4500 | ||
|---|---|---|---|
| 001 | 133231 | ||
| 003 | ES-MaACL | ||
| 005 | 20230906194343.0 | ||
| 007 | t| | ||
| 008 | 070214s1939 sp r ||||1| spa d | ||
| 100 | 1 |
_aRubio Esteban, Julián María. _9100404 |
|
| 245 | 1 | 0 |
_aFelipe II de España, rey de Portugal / _cJulián María Rubio. |
| 260 |
_aSantander : _b[s. n.], _c1939 ( _eMadrid : _fAldus) |
||
| 300 |
_a189 p. ; _c21 cm. |
||
| 852 |
_aES-MaACL _jA-4850 _bR.16720 |
||
| 999 |
_c133231 _d133231 |
||